| 000 | 00350 a2200145 4500 | ||
|---|---|---|---|
| 001 | 76735 | ||
| 082 | _a330 SAM | ||
| 090 |
_c39254 _d39254 |
||
| 100 | _aSamuelson,Paul A | ||
| 245 |
_aEconomics/ 8Ed _cSamuelson _hEnglish |
||
| 250 | _a8 th | ||
| 260 |
_aIslamabad _bNational Book Foundation |
||
| 300 | _axxiv 776 p | ||
| 600 | _aWilliam D Nordhaus | ||
| 942 |
_aNUST-CAE _k330 SAM |
||
| 999 |
_c311808 _d311808 |
||